RSA Security's official guide to cryptography / (Record no. 62145)
[ view plain ]
| 000 -LEADER | |
|---|---|
| fixed length control field | 01253cam a2200349 a 4500 |
| 001 - CONTROL NUMBER | |
| control field | 12496915 |
| 003 - CONTROL NUMBER IDENTIFIER | |
| control field | NUST-PNEC |
| 005 - DATE AND TIME OF LATEST TRANSACTION | |
| control field | 20170116180740.0 |
| 008 - FIXED-LENGTH DATA ELEMENTS--GENERAL INFORMATION | |
| fixed length control field | 010808s2001 nyua 001 0 eng d |
| 010 ## - LIBRARY OF CONGRESS CONTROL NUMBER | |
| LC control number | 2001270873 |
| 020 ## - INTERNATIONAL STANDARD BOOK NUMBER | |
| International Standard Book Number | 007213139X |
| 035 ## - SYSTEM CONTROL NUMBER | |
| System control number | (OCoLC)ocm46914596 |
| 040 ## - CATALOGING SOURCE | |
| Transcribing agency | PNEC |
| 042 ## - AUTHENTICATION CODE | |
| Authentication code | lccopycat |
| 050 00 - LIBRARY OF CONGRESS CALL NUMBER | |
| Classification number | TK5105.59 |
| Item number | .B87 2001 |
| 082 00 - DEWEY DECIMAL CLASSIFICATION NUMBER | |
| Classification number | 005.82 BUR |
| Edition number | 21 |
| 100 1# - MAIN ENTRY--PERSONAL NAME | |
| Personal name | Burnett, Steve. |
| 245 10 - TITLE STATEMENT | |
| Title | RSA Security's official guide to cryptography / |
| Statement of responsibility, etc. | Steve Burnett and Stephen Paine. |
| 246 30 - VARYING FORM OF TITLE | |
| Title proper/short title | Official guide to cryptography |
| 260 ## - PUBLICATION, DISTRIBUTION, ETC. | |
| Place of publication, distribution, etc. | New York : |
| Name of publisher, distributor, etc. | Osborne/McGraw-Hill, |
| Date of publication, distribution, etc. | 2001. |
| 300 ## - PHYSICAL DESCRIPTION | |
| Extent | xxi, 419 p. : |
| Other physical details | ill. ; |
| Dimensions | 23 cm. |
| 500 ## - GENERAL NOTE | |
| General note | Includes index. |
| 650 #0 - SUBJECT ADDED ENTRY--TOPICAL TERM | |
| Topical term or geographic name entry element | Computer networks |
| General subdivision | Security measures. |
| -- | Computer, MIS |
| 650 #0 - SUBJECT ADDED ENTRY--TOPICAL TERM | |
| Topical term or geographic name entry element | Data encryption (Computer science) |
| 650 #0 - SUBJECT ADDED ENTRY--TOPICAL TERM | |
| Topical term or geographic name entry element | Cryptography. |
| 700 1# - ADDED ENTRY--PERSONAL NAME | |
| Personal name | Paine, Stephen. |
| 710 2# - ADDED ENTRY--CORPORATE NAME | |
| Corporate name or jurisdiction name as entry element | RSA Security. |
| 856 42 - ELECTRONIC LOCATION AND ACCESS | |
| Uniform Resource Identifier | <a href="http://www.amazon.com/RSA-Securitys-Official-Guide-Cryptography/dp/007213139X/ref=sr_1_1?s=books&ie=UTF8&qid=1418326394&sr=1-1&keywords=007213139X">http://www.amazon.com/RSA-Securitys-Official-Guide-Cryptography/dp/007213139X/ref=sr_1_1?s=books&ie=UTF8&qid=1418326394&sr=1-1&keywords=007213139X</a> |
| 906 ## - LOCAL DATA ELEMENT F, LDF (RLIN) | |
| a | 7 |
| b | cbc |
| c | copycat |
| d | 2 |
| e | ncip |
| f | 20 |
| g | y-gencatlg |
| 942 ## - ADDED ENTRY ELEMENTS (KOHA) | |
| Source of classification or shelving scheme | |
| Koha item type | Book |
| Withdrawn status | Lost status | Source of classification or shelving scheme | Damaged status | Not for loan | Permanent Location | Current Location | Shelving location | Date acquired | Source of acquisition | Cost, normal purchase price | Total Checkouts | Full call number | Barcode | Date last seen | Cost, replacement price | Price effective from | Koha item type |
|---|---|---|---|---|---|---|---|---|---|---|---|---|---|---|---|---|---|
| Pakistan Navy Engineering College (PNEC) | Pakistan Navy Engineering College (PNEC) | 06/14/2003 | NUST Recurring A/c | 4180.00 | 005.82 BUR | PNECLIB-026062 | 12/12/2014 | 4180.00 | 06/14/2003 | Book |
